000 00412nam a2200097Ia 4500
008 241105s9999 xx 000 0 und d
041 _aeng
100 _aPendse S
_9182852
245 _aStudy Of Light Engineering Industry In General Analysis Of The Design Requirements For Manufacturing Appliaces And A Design Proposal Of Home Appliance Industry In Pune Metropolitan Region
260 _bBNCA M Arch EA, Mumbai
_c1978
999 _c361145
_d361145